| 000 | 00481nam a2200205Ia 4500 | ||
|---|---|---|---|
| 008 | 210210b2019 xxu||||| |||| 00| 0 eng d | ||
| 020 | _a9789389555547 | ||
| 041 | _aeng | ||
| 082 | _a294.34K CHAT | ||
| 100 | _aCHANDRAPPA (Si) | ||
| 245 | _aTibet chinadalli buddha marga | ||
| 260 |
_aBengaluru _bSapna Buk Haus _c2019 |
||
| 300 | _axxiv,263 | ||
| 650 | _aTibet | ||
| 650 | _amarga | ||
| 650 | _achinadalli | ||
| 650 | _abuddha | ||
| 690 | _aBuddhism | ||
| 906 | _a073952 | ||
| 999 |
_c123705 _d123705 |
||